Wunderhorse - 17 Lyrics - Statistics

General Stats
  • This quiz has been taken 3 times
  • The average score is 113 of 135
Answer Stats
Answer % Correct
a
100%
alive
100%
be
100%
butchers
100%
crying
100%
Do
100%
don't
100%
Don't
100%
dying
100%
eyes
100%
feel
100%
feels
100%
from
100%
go
100%
here
100%
hold
100%
I
100%
i'm
100%
in
100%
In
100%
it
100%
just
100%
knife
100%
leave
100%
like
100%
look
100%
me
100%
on
100%
palm
100%
rain
100%
Release
100%
skydive
100%
the
100%
we
100%
where
100%
with
100%
you
100%
your
100%
all
67%
and
67%
armour
67%
as
67%
can't
67%
clown
67%
did
67%
down
67%
fear
67%
fool
67%
his
67%
Judy
67%
laugh
67%
let's
67%
makeup
67%
no
67%
photograph
67%
pictures
67%
pretty
67%
Punch
67%
puppets
67%
stage
67%
take
67%
taste
67%
tears
67%
who
67%
along
33%
blade
33%
dance
33%
feeling
33%
is
33%
life
33%
of
33%
razor
33%
smile
33%
so
33%
that
33%
when
33%
No matching quizzes found
Score Distribution
Percent of People with Each Score
Percentile by Number Answered
Your Score History
You have not taken this quiz